01544nam a2200421 i 4500001001000000003000900010005001700019008003900036015001700075020001500092020001800107020001500125020001800140020001500158020001800173035002100191040003500212041001300247080001000260080000900270245017600279246001400455260008700469300007300556490003800629500009000667546001600757655001700773650001300790700002500803700003900828710003000867830003600897856009800933942001201031999001701043952006201060b18870715KOSZ 00520201027131519.0070220s2006 pl a e |000 0 pol aPB 2007/9256 a836056311X a9788360563113 a8360563047 a9788360563045 a159339330X a9781593393304 a(OCoLC)838993441 aWA NcKOSZ 005/HRdKOSZ 005/HR1 apolheng a57/59 a(03)00aEncyklopedia audiowizualna Britannica :bbiologia /c[zespół aut. i tł. Grzegorz Bartosz et al. ; zespół aut. siatki haseł oraz przygot. red. Marcin Bąk et al.].18aBiologia. aPoznań :bWydawnictwo Kurpisz ;a[Warszawa] :bAxel Springer Polska,ccop. 2006. a158, [2] s. :bil. (w tym kolor.) ;c25 cm +e1 dysk optyczny (DVD).1 aEncyclopædia Britannica ;vnr 7. aU góry okł. nazwa czas.: Dziennik. Przygot. na podst.: Britannica - edycja polska. aTł. z ang. 4aEncyklopedia 4aBiologia1 aBąk, Marcin.eRed.1 aBartosz, Grzegorzd(1950- )eAutor2 aWydawnictwo Kurpisz4pbl. 0aEncyclopædia Britannicavt. 7. uhttp://koha.tu.koszalin.pl/cgi-bin/koha/opac-detail.pl?biblionumber=54782yKatalog online BPK 2UKDcKS c54782d54782 00104071aBPKbBPKcco86860p02415215t0/9(03) E.LyKS